000 00725na a2200253 4500
001 15485
003 MIRAKIL
005 20181213155031.0
008 161010b tu 000 0
035 _a15485
040 _aMilas
_btur
_cTR-AnCHP
041 _atur
082 _a818.3209
_bB56 1988
090 _a818.3209 B56 1988
245 _aBir çağdaş öncü
_bNamık Kemal (1888-1988)
246 _aNamık Kemal (1888-1988)
260 _aİstanbul
_bAmaç Yayınları
_c1988
300 _a92 s.
_c19 sm.
490 _aAraştırma/İnceleme
_v4
490 _aAmaç Yayıncılık
_v18/71
600 _aKemal, Namık
_d1840 - 1888
_xYaşamöyküsü
650 _aTürk yazarlar
_xYaşamöyküsü
942 _2ddc
_cBKS
999 _c5246
_d5246